000
00262nam a2200097Ia 4500
008
230915s9999 xx 000 0 und d
050
_a
LB 2831.9J66 2008 C.1
100
_a
JONES,CAROLINE
245
0
_a
LEADERSHIP AND MANAGEMENT IN THE EARLY YEARS
942
_c
BK
999
_c
169765
_d
169765